000 01423cam a2200373 4500
001 860130
003 ARRUPE
005 20150416180027.0
008 900914s1970 ne ac b 111 0 engs
010 _a 71554526
015 _aNe70-7
035 _a(OCoLC)136559
035 _a(OCoLC)ocm00136559
035 _a(CStRLIN)NYCG90-B57502
035 _a(NNC)860130
040 _cArrupe
050 0 _aQ174
_b.B67 vol. 6
082 _a530/.0924
245 0 0 _aErnst Mach, physicist and philosopher.
_cEdited by Robert S. Cohen and Raymond J. Seeger.
260 _aDordrecht,
_bReidel
_c[1970]
300 _aviii, 295 p. with port.
_billus.
_c23 cm.
490 1 _aBoston studies in the philosophy of science ;
_vv. 6
490 1 _aSynthese library
500 _aA symposium held at the annual meeting of the American Association for the Advancement of Science in Washington, D.C., 27 Dec. 1966, to commemorate the 50th anniversary of the death of Ernst Mach.
600 1 0 _aMach, Ernst,
_d1838-1916.
_917310
650 0 _aScience
_xPhilosophy.
_917311
700 1 _aCohen, R. S.
_q(Robert Sonné),
_eeditor.
_914125
700 1 _aSeeger, Raymond John,
_d1906-,
_eeditor.
_917312
710 2 _aAmerican Association for the Advancement of Science.
_917313
830 0 _aBoston studies in the philosophy of science ;
_vv. 6.
_917314
830 0 _aSynthese library.
_98192
942 _2lcc
_cMONOGRAPH
999 _c122703
_d122703